000 005540000a22001810004500
003 MACL
005 20160329165357.0
008 160329b xxu||||| |||| 00| 0 eng d
040 _aMACL
_cMACL
041 _aHindi
082 _a080
100 _aडॉ एमएल शर्मा
_948773
245 _aकैरियर निर्देशन और परामर्श
260 _bविवेक पब्लिशिंग हाउस
_c2011
_aजयपुर
350 _a200
650 _aSociology
_948774
942 _cHIN
_k080/SHA
_2ddc
999 _c45823
_d45823